The Body: (Record no. 11054)

MARC details
000 -LEADER
fixed length control field 00626nam a2200241 a 4500
001 - CONTROL NUMBER
control field 0001-1054
003 - CONTROL NUMBER IDENTIFIER
control field ELIB.Books
008 - FIXED-LENGTH DATA ELEMENTS--GENERAL INFORMATION
fixed length control field 141127 2010 eng
020 ## - INTERNATIONAL STANDARD BOOK NUMBER
International Standard Book Number 0850096030
035 ## - SYSTEM CONTROL NUMBER
System control number (ELIB.Books)0001-1209
092 ## - LOCALLY ASSIGNED DEWEY CALL NUMBER (OCLC)
Classification number 261
Item number Col
100 ## - MAIN ENTRY--PERSONAL NAME
Personal name Colson, Charles
245 ## - TITLE STATEMENT
Title The Body:
Remainder of title Being Light In Darkness
260 ## - PUBLICATION, DISTRIBUTION, ETC. (IMPRINT)
Place of publication, distribution, etc. Milton Keynes.
Name of publisher, distributor, etc. Word Publishing
Date of publication, distribution, etc. 1992
300 ## - PHYSICAL DESCRIPTION
Extent 0-8066-1701-2
Dimensions 18 Cm
500 ## - GENERAL NOTE
General note Dr. Doh Say
650 ## - SUBJECT ADDED ENTRY--TOPICAL TERM
Topical term or geographic name as entry element Church & the World
856 ## - ELECTRONIC LOCATION AND ACCESS
Name of location of host KBTS; Library
Uniform Resource Identifier <a href="KBTS; Elib.">KBTS; Elib.</a>
942 ## - ADDED ENTRY ELEMENTS (KOHA)
Source of classification or shelving scheme Dewey Decimal Classification
Koha item type Books
990 ## - EQUIVALENCES OR CROSS-REFERENCES [LOCAL, CANADA]
Link information for 9XX fields 1
998 ## - LOCAL CONTROL INFORMATION (RLIN)
Cataloger's initials, CIN (RLIN) bat
-- 2014-11-27
Holdings
Withdrawn status Lost status Source of classification or shelving scheme Damaged status Not for loan Home library Current library Date acquired Total Checkouts Barcode Date last seen Bill Date Koha item type
    Dewey Decimal Classification     Karen Baptist Theological Seminary Library Karen Baptist Theological Seminary Library 27/11/2014   14151 22/01/2022 22/01/2022 Books
Implemented & Customized by: BestBookBuddies

Powered by Koha